HANDBOOK OF FINANCE (Record no. 10645)
[ view plain ]
| 000 -LEADER | |
|---|---|
| fixed length control field | 00338nam a2200145Ia 4500 |
| 008 - FIXED-LENGTH DATA ELEMENTS--GENERAL INFORMATION | |
| fixed length control field | 240624s9999 xx 000 0 und d |
| 041 ## - LANGUAGE CODE | |
| Language code of text/sound track or separate title | eng |
| 082 ## - DEWEY DECIMAL CLASSIFICATION NUMBER | |
| Classification number | 332 FAB |
| 100 ## - MAIN ENTRY--PERSONAL NAME | |
| Personal name | FABOZZI FRANK J |
| 245 ## - TITLE STATEMENT | |
| Title | HANDBOOK OF FINANCE |
| 260 ## - PUBLICATION, DISTRIBUTION, ETC. | |
| Date of publication, distribution, etc. | 2008 |
| Place of publication, distribution, etc. | New Jersey |
| Name of publisher, distributor, etc. | John Wiley and Sons |
| 300 ## - PHYSICAL DESCRIPTION | |
| Extent | 28 : cm. |
| 365 ## - TRADE PRICE | |
| Currency code | |
| Price amount | 30 |
| 440 ## - SERIES STATEMENT/ADDED ENTRY--TITLE | |
| Volume/sequential designation | 3 |
| Withdrawn status | Lost status | Damaged status | Not for loan | Home library | Current library | Shelving location | Date acquired | Source of acquisition | Cost, normal purchase price | Full call number | Barcode | Date last seen | Copy number | Price effective from | Koha item type |
|---|---|---|---|---|---|---|---|---|---|---|---|---|---|---|---|
| IMTN | IMTN | Rack 9-A | 09/26/2008 | BWE | 720.00 | 332 FAB | 10645 | 06/24/2024 | 45.2 | 06/24/2024 | Books |